Blended Learning in English Language Teaching: Open Educational Resources Used for Academic Purposes in Tomsk Polytechnic University; Mediterranean Journal of Social Sciences; Vol. 6, № 3 S5

Detalhes bibliográficos
Parent link:Mediterranean Journal of Social Sciences.— , 2010-
Vol. 6, № 3 S5.— 2015.— [P. 255-260]
Autor principal: Shaykina O. G. Olga Igorevna
Autor Corporativo: Национальный исследовательский Томский политехнический университет (ТПУ) Физико-технический институт (ФТИ) Кафедра иностранных языков физико-технического института (ИЯФТ)
Resumo:Title screen
The study describes blended learning as an innovative teaching method which combines different learning approaches supported by flexible interactive platforms and resources that offer new environments to improve skills and upgrade competences. The concept of blended learning suggests that under current conditions the educational system up-to-date methods of traditional education can be optimally combined with the advantages of remote technologies. The components of blended learning are defined. The benefits of teaching foreign languages with blended learning method are identified. The essential factors to find a “right” blend are singled out. One of the most effective resources widely used in Tomsk Polytechnic University is a Virtual Learning Environment Moodle. The e-course “The world of work” developed in Moodle environment is represented. The survey of certain available open educational resources to support education that may be freely accessed, downloaded, reused, modified and shared by anyone is given. The conclusion about comprising free Internet repositories and online courses to make English language teaching process more effective is described.
Idioma:inglês
Publicado em: 2015
Assuntos:
Acesso em linha:http://dx.doi.org/10.5901/mjss.2015.v6n3s5p255
Formato: Recurso Electrónico Capítulo de Livro
KOHA link:https://koha.lib.tpu.ru/cgi-bin/koha/opac-detail.pl?biblionumber=644526

MARC

LEADER 00000nla0a2200000 4500
001 644526
005 20250312150802.0
035 |a (RuTPU)RU\TPU\network\9607 
035 |a RU\TPU\network\9495 
090 |a 644526 
100 |a 20151119d2015 k||y0rusy50 ba 
101 0 |a eng 
102 |a IT 
135 |a drcn ---uucaa 
181 0 |a i  
182 0 |a b 
200 1 |a Blended Learning in English Language Teaching: Open Educational Resources Used for Academic Purposes in Tomsk Polytechnic University  |f O. G. Shaykina 
203 |a Text  |c electronic 
300 |a Title screen 
320 |a [References: p. 259 (11 tit.)] 
330 |a The study describes blended learning as an innovative teaching method which combines different learning approaches supported by flexible interactive platforms and resources that offer new environments to improve skills and upgrade competences. The concept of blended learning suggests that under current conditions the educational system up-to-date methods of traditional education can be optimally combined with the advantages of remote technologies. The components of blended learning are defined. The benefits of teaching foreign languages with blended learning method are identified. The essential factors to find a “right” blend are singled out. One of the most effective resources widely used in Tomsk Polytechnic University is a Virtual Learning Environment Moodle. The e-course “The world of work” developed in Moodle environment is represented. The survey of certain available open educational resources to support education that may be freely accessed, downloaded, reused, modified and shared by anyone is given. The conclusion about comprising free Internet repositories and online courses to make English language teaching process more effective is described. 
461 |t Mediterranean Journal of Social Sciences  |d 2010- 
463 |t Vol. 6, № 3 S5  |v [P. 255-260]  |d 2015 
610 1 |a электронный ресурс 
610 1 |a труды учёных ТПУ 
610 1 |a смешанное обучение 
610 1 |a информационные технологии 
610 1 |a образовательные ресурсы 
700 1 |a Shaykina  |b O. G.  |c linguist  |c Lecturer of Tomsk Polytechnic University  |f 1981-  |g Olga Igorevna  |3 (RuTPU)RU\TPU\pers\32671  |9 16570 
712 0 2 |a Национальный исследовательский Томский политехнический университет (ТПУ)  |b Физико-технический институт (ФТИ)  |b Кафедра иностранных языков физико-технического института (ИЯФТ)  |3 (RuTPU)RU\TPU\col\18736 
801 2 |a RU  |b 63413507  |c 20151119  |g RCR 
856 4 |u http://dx.doi.org/10.5901/mjss.2015.v6n3s5p255 
942 |c CF